Vývoj verejných financií Grécka po vstupe do eurozóny diplomová práca

Na minha lista:
Detalhes bibliográficos
Autor principal: Levocký, Matúš
Autor Corporativo: Fakulta medzinárodných vzťahov EU. Katedra medzinárodných ekonomických vzťahov a hospodárskej diplomacie
Outros Autores: Cséfalvayová, Katarína
Formato: Livro
Idioma:eslovaco
Publicado em: Bratislava 2013
Tags: Adicionar Tag
Sem tags, seja o primeiro a adicionar uma tag!

MARC

LEADER 00000nbm a2200000 4500
001 0170593
005 20161109102356.6
041 0 |a slo 
044 |a SK 
245 1 0 |a Vývoj verejných financií Grécka po vstupe do eurozóny  |b diplomová práca  |c Matúš Levocký ; školiteľ: Katarína Cséfalvayová 
264 1 |a Bratislava  |c 2013 
300 |a 96 s. 
100 1 |a Levocký, Matúš 
700 1 |a Cséfalvayová, Katarína 
710 2 |a Fakulta medzinárodných vzťahov EU. Katedra medzinárodných ekonomických vzťahov a hospodárskej diplomacie